000 03545cim a2200841Ii 4500
001 ocn704528568
003 OCoLC
005 20210719141709.0
007 sd fungnnmmneu
008 110222t19971997miunnnn f n eng d
020 _a9781441878007
020 _a1441878009
020 _a9781423356332
020 _a1423356330
024 3 _a9781441878007
024 3 _a9781423356332
_d53895
028 0 1 _aBN262
_bBrilliance Audio
035 _a(OCoLC)704528568
_z(OCoLC)678064309
_z(OCoLC)764447242
_z(OCoLC)1004762042
037 _bMidwest Tape
_nhttp://www.midwesttapes.com
040 _aRECBX
_beng
_erda
_cRECBX
_dTEFMT
_dTEF
_dOCLCQ
_dOCLCF
_dOCLCA
_dOCL
_dOCLCO
_dNRS
_dOCLCO
_dOCLCQ
_dOCLCO
_dOJ4
_dJTH
_dQQ3
_dNTG
_dQT5
_dCNEDM
_dOCLCA
_dOCL
_dJCX
_dOCLCO
_dOCLCA
_dWACOL
043 _an-us-ny
049 _aWACL
050 1 4 _aPS3566.R3982
_bR5 2011b
082 0 4 _a813/.54
_222
092 _aCD
_bPre
100 1 _aPreston, Douglas J.,
_eauthor.
_96018857
245 1 0 _aReliquary
_h[sound recording] /
_cDouglas Preston & Lincoln Child.
250 _aUnabridged.
264 1 _a[Grand Haven, Michigan] :
_bBrilliance Audio,
_c[1997]
264 4 _c℗1997
300 _a12 audio discs (14 hr.) :
_bCD audio, digital ;
_c4 3/4 in.
336 _aspoken word
337 _aaudio
338 _aaudio disc
340 _b4 3/4 in.
490 1 _aBrilliance Audio on compact disc
500 _aCompact disc.
500 _aTitle from disc surface.
508 _aDirector, Ruth Bloomquist.
511 0 _aPerformed by Dick Hill.
520 _aWhen police find two skeletons deep in the mud off the Manhattan shoreline, Natural History Museum curator Margo Green is called in to aid in the investigation. She soon realizes the expertise the cops want is the result of her ordeal last year, battling the horrific beast loose in the basement corridors of the Museum.
521 _aCD
_bMicroMarketing
650 0 _aNatural history museum curators
_vFiction.
_96422776
650 0 _aMonsters
_vFiction.
_95674164
650 0 _aUnderground homeless persons
_vFiction.
_96422777
650 0 _aMuseums
_zNew York (State)
_zNew York
_vFiction.
_96422778
650 0 _aWomen museum curators
_vFiction.
_95687567
650 0 _aCivilization, Subterranean
_vFiction.
_96356204
650 0 _aGenetic engineering
_vFiction.
_95673840
650 7 _aWomen museum curators.
_2fast
_96018862
650 7 _aMuseums.
_2fast
_96018863
650 7 _aGenetic engineering.
_2fast
_984532
650 7 _aCivilization, Subterranean.
_2fast
_96018864
650 7 _aMonsters.
_2fast
_96018865
650 7 _aNatural history museum curators.
_2fast
_997890
650 7 _aUnderground homeless persons.
_2fast
_997025
651 7 _aNew York (State)
_zNew York.
_2fast
_95675593
655 7 _aThrillers (Fiction)
_2fast
_95697221
655 7 _aHorror fiction.
_2fast
_96018866
655 7 _aFiction.
_2fast
_95673940
655 4 _aAudiobooks collection
_vFiction.
_96362976
655 7 _aHorror fiction.
_2lcgft
_96018866
655 7 _aAudiobooks.
_2lcgft
_96018868
655 7 _aSound recordings.
_2lcgft
_95734576
655 7 _aFiction.
_2lcgft
_95673940
700 1 _aChild, Lincoln,
_eauthor.
_920244
700 1 _aHill, Dick,
_enarrator.
_961336
700 1 _aBloomquist, Ruth,
_edirector.
_96018869
830 0 _aBrilliance Audio on compact disc.
_967155
856 4 _3View cover art
_uhttp://midwesttapes.com/images/movies/000/000/000/010/203/000000000010203191.gif
942 _cCD
_2ddc
948 _a02/01/2020
_zSirsi
999 _c324002
_d324001